000 00679nam a22002417a 4500
005 20170124105917.0
010 _a612402
020 _c00
035 _a612402
037 _bCen Lib/Ret
040 _aDPL
_bEN
082 _a324.60954
100 _aDouglas, Nik
_93161
245 _aTantra yoga /
_cby Nik Douglas
246 _b
260 _bMunshiram Manoharlal Publishers
_c1970
_aNew Delhi
270 _a54, Rani Jhansi Road
_bNew Delhi
_e110055
300 _ai, 125p.:
_c23cm(Hb)
_bill.
500 _aincludes bibliographical references
650 _a Philosophy
_9106831
650 _aLiberations
_93163
942 _2ddc
_cEN
_h181.432
_mDOU
999 _c122937
_d122937